Score de LFI aux européennes de 2024 - Statistiques

Statistiques générales
  • Ce quiz a été pris 41 fois
  • Le résultat moyen est 12 sur 20
Statistiques - réponses
% Départements % Correct
16,76 Paris (75)
89%
37,13 Seine-Saint-Denis (93)
89%
11,11 Nord (59)
81%
14,11 Rhône (69)
81%
13,43 Bouches-du-Rhône (13)
78%
14,38 Seine-et-Marne (77)
78%
21,19 Val de Marne (94)
72%
22,94 Val d'Oise (95)
72%
16,16 Essonne (91)
61%
12,58 Yvelines (78)
61%
15,77 Hauts-de-Seine (92)
56%
14,98 Guadeloupe (971)
53%
18,69 Martinique (972)
53%
10,15 Mayotte (976)
53%
18,44 Guyane (973)
50%
10,92 Hérault (34)
44%
10,47 Isère (38)
44%
11,20 Haute-Garonne (31)
42%
20,31 La Réunion (974)
39%
9,97 Territoire de Belfort (90)
6%
Aucun quiz correspondant
Distribution des résultats
% des personnes avec chaque résultat
Percentile par nombre de réponses
Votre historique - résultats
Vous n’avez pas pris ce quiz